| 000 | 00841nam a2200241 i 4500 | ||
|---|---|---|---|
| 001 | 9322 | ||
| 003 | ES-MaACL | ||
| 005 | 20250728030659.0 | ||
| 007 | t| | ||
| 008 | 930805s1986 sp ||||1| spa d | ||
| 020 | _a84-86314-28-3 | ||
| 080 | _a92 Serrano, Tomás | ||
| 100 | 1 |
_aDomínguez Moltó, Adolfo. _945227 |
|
| 245 | 1 | 3 |
_aEl P. Tomás Serrano _b: (un humanista del siglo XVIII) / _cAdolfo Domínguez Moltó. |
| 260 |
_aAlicante : _bCaja de Ahorros Provincial, _c1986. |
||
| 300 |
_a189 p. : _bil. ; _c22 cm. |
||
| 490 | 1 |
_aPublicaciones de la Caja de Ahorros Provincial de Alicante ; _v130 |
|
| 500 | _aBibliografía. | ||
| 600 | 1 | 4 |
_aSerrano, Tomás. _9105722 |
| 830 | 0 | 0 |
_aPublicaciones de la Caja de Ahorros Provincial de Alicante _v130 _9186986 |
| 852 |
_aES-MaACL _jL-16772 _bR.112220 |
||
| 999 |
_c9322 _d9322 |
||